Witamy w Bibliotece Naukowej Instytutu Łączności!

Elementy rachunku ekonomicznego : (Rekord nr 5376)

000 -LEADER
fixed length control field 01383cam a2200409 i 4500
005 - DATE AND TIME OF LATEST TRANSACTION
control field 20171212141614.0
008 - FIXED-LENGTH DATA ELEMENTS--GENERAL INFORMATION
fixed length control field 041213s1985 pl a f |001 0 pol c
020 ## - INTERNATIONAL STANDARD BOOK NUMBER
International Standard Book Number 8320804485
035 ## - SYSTEM CONTROL NUMBER
System control number zz2004918606
039 #9 - LEVEL OF BIBLIOGRAPHIC CONTROL AND CODING DETAIL [OBSOLETE]
Level of rules in bibliographic description 201702270848
Level of effort used to assign nonsubject heading access points kopilwa
Level of effort used to assign subject headings 201701241455
Level of effort used to assign classification szczu
Level of effort used to assign subject headings 201605240220
Level of effort used to assign classification VLOAD
Level of effort used to assign subject headings 201605231242
Level of effort used to assign classification pam
-- 200412131014
-- vugd
040 ## - CATALOGING SOURCE
Original cataloging agency GD U/EN
Transcribing agency GD U/EN
Modifying agency GD U/EN
-- GD U/AEKs
-- OLSZT 003/bak
245 00 - TITLE STATEMENT
Title Elementy rachunku ekonomicznego :
Remainder of title praca zbiorowa /
Statement of responsibility, etc pod red. nauk. Zdzisława Hellwiga ; [aut.: Stanisława Bartosiewicz et al.].
250 ## - EDITION STATEMENT
Edition statement Wyd. 3 zm. i rozsz.
260 ## - PUBLICATION, DISTRIBUTION, ETC. (IMPRINT)
Place of publication, distribution, etc Warszawa :
Name of publisher, distributor, etc Państwowe Wydawnictwo Ekonomiczne,
Date of publication, distribution, etc 1985.
300 ## - PHYSICAL DESCRIPTION
Extent 539 s. :
Other physical details il. ;
Dimensions 24 cm.
504 ## - BIBLIOGRAPHY, ETC. NOTE
Bibliography, etc Bibliogr. s. 529-534. Indeks.
650 ## - SUBJECT ADDED ENTRY--TOPICAL TERM
Topical term or geographic name as entry element Ekonomika przedsiębiorstwa
Form subdivision podręczniki akademickie.
650 ## - SUBJECT ADDED ENTRY--TOPICAL TERM
Topical term or geographic name as entry element Rachunek ekonomiczny
Form subdivision podręczniki akademickie.
700 1# - ADDED ENTRY--PERSONAL NAME
Personal name Hellwig, Zdzisław
Dates associated with a name (1925-2013).
Relator term Red.
700 1# - ADDED ENTRY--PERSONAL NAME
Personal name Bartosiewicz, Stanisława
Dates associated with a name (1920- ).
710 2# - ADDED ENTRY--CORPORATE NAME
Corporate name or jurisdiction name as entry element Państwowe Wydawnictwo Ekonomiczne.
Relator code pbl
920 ## -
-- 83-208-0448-5
953 ## -
-- KR_93
959 ## -
-- LUBL_64
960 ## - PHYSICAL LOCATION (RLIN)
Physical location, PLOC (RLIN) GD_U
961 ## -
-- WA_14 WA_310
962 ## -
-- KR_U
966 ## -
-- POZN_004 POZN_31
968 ## -
-- TOR_U
970 ## -
-- WA_U
971 ## -
-- L_U
973 ## -
-- KAT_001 KAT_U
975 ## -
-- LUBL_M
978 ## -
-- OLSZT_003
979 ## -
-- BSTOK_U
980 ## - EQUIVALENCE OR CROSS-REFERENCE-SERIES STATEMENT--PERSONAL NAME/TITLE [LOCAL, CANADA]
Personal name SZCZ_U

Brak dostępnych egzemplarzy.

Działa dzięki Koha